Normal view
MARC view
Entry Personal Name
001 - CONTROL NUMBER
- control field: 5668
003 - CONTROL NUMBER IDENTIFIER
- control field: BD-RjUL
005 - DATE AND TIME OF LATEST TRANSACTION
- control field: 20221102110339.0
008 - FIXED-LENGTH DATA ELEMENTS
- fixed length control field: 221102|| aca||aabn | a|a d
040 ## - CATALOGING SOURCE
- Original cataloging agency: BD-RjUL
- Transcribing agency: BD-RjUL
100 ## - HEADING--PERSONAL NAME
- Personal name: Muntaqá min aḥādīth al-Aḥkām
670 ## - SOURCE DATA FOUND
- Source citation: Work cat.: (BD-RjUL)78533: شوكاني، محمد بن علي ;; Shawkani, Muhammad bin Ali 248795, نيل الاوطار. الجزء الاول : شرح منتقى الاخبار من احاديث سيد الاخيار ;; Nayl al-awṭār. al-Juzʼ al-awwal : sharḥ Muntaqá al-akhbār min aḥādīth Sayyid al-Akhyār /, [149, ?]